Technologické zariadenie pre dokončovacie operácie otvorov ťažkoobrobiteľných materiálov : Diplomová práca

Uložené v:
Podrobná bibliografia
Hlavní autori: Pecháček, František, 1950- (xxx), Zápražný, Zdenko (Autor)
Médium: Rukopis Kniha
Jazyk:Slovak
Vydavateľské údaje: Trnava : STU v Bratislave MtF KTZS, 2003
Predmet:
Tagy: Pridať tag
Žiadne tagy, Buďte prvý, kto otaguje tento záznam!

MARC

LEADER 00000ntm a22000003a 4500
001 stu84591
005 20160719154800.3
008 040304s2003----xo------------------slo-d
040 |a STU  |b slo 
041 0 |a slo 
044 |a xo 
100 1 |a Pecháček, František,  |d 1950-  |4 xxx  |u M2000  |U MTF Materiálovotechnologická fakulta  |T MTF Ústav výrobných systémov a aplikovanej mechaniky  |X 218  |U M2000  |Y 82  |7 A000000218 
245 1 |a Technologické zariadenie pre dokončovacie operácie otvorov ťažkoobrobiteľných materiálov :  |b Diplomová práca 
260 |a Trnava :  |b STU v Bratislave MtF KTZS,  |c 2003 
300 |a 62 s 
650 7 |a technologické zariadenia a systémy  |2 stusub 
700 1 |a Zápražný, Zdenko  |4 aut 
996 |b 284M037719  |c M*DP-4719  |l MMSKP  |s P  |a 0  |w stu84591_0001